| 000 | 00462nam a22001697a 4500 | ||
|---|---|---|---|
| 005 | 20251108171021.0 | ||
| 008 | 250721s9999 xx 000 0 ara d | ||
| 082 | 1 | 4 | _aط/م/641.1/تغذ |
| 245 | 1 | 0 | _aالتغذية و عناصرها / |
| 264 | 1 |
_aجنيف : _bشركة ترادكسيم، _c[19-]. |
|
| 300 | _a-ج: مص | ||
| 490 | 0 | _aكتاب المعرفة | |
| 650 | 1 | 7 | _aالغذاء |
| 650 | 1 | 7 | _aالتغذية |
| 942 |
_2ddc _cREF |
||
| 999 |
_c54464 _d54464 |
||